Russian Mediaeval architecture With an accoutnt of the trranscaucasian styles and their influence in the west

Salvato in:
Dettagli Bibliografici
Autore principale: Buxton, David Roden
Natura: Libro
Lingua:inglese
Pubblicazione: Cambridge university press 2014
Tags: Aggiungi Tag
Nessun Tag, puoi essere il primo ad aggiungerne!!

MARC

LEADER 00000nam a22000007a 4500
008 210826b ||||| |||| 00| 0 eng d
020 |a 9781107434509 
100 |a Buxton, David Roden 
245 |a Russian Mediaeval architecture  |b With an accoutnt of the trranscaucasian styles and their influence in the west  |c David Roden Buxton  |g xi,112p 
260 |b Cambridge university press  |c 2014  |d Book  |h United kingdom  |i 696176  |i 696177  |l NA 1183.98  |m Architecture- soviet union  |m Architecture-Caucasus, south  |m Architecture -Medieval 
500 |a "IT includes bibliography and index" 
942 |a lcc  |c BK  |d .  |e Olagoke,M.A.  |f 26/08/2021 
952 |0 0  |1 0  |2 lcc  |4 0  |7 0  |9 3247  |a HOL  |b EDM  |c LP  |d 2021-08-26  |o NA 1183.98  |p 2021-66943  |r 2021-08-26 00:00:00  |t 696177  |w 2021-08-26  |y BK 
952 |0 0  |1 0  |2 lcc  |4 0  |7 0  |9 3248  |a HOL  |b HOL  |c LP  |d 2021-08-26  |o NA 1183.98  |p 2021-66944  |r 2021-08-26 00:00:00  |t 696176  |w 2021-08-26  |y BK 
999 |c 1624  |d 1624